[Event "2013"]
[Site "?"]
[Date "2013.04.24"]
[Round "4.2"]
[White "Quesada Perez, Yuniesky"]
[Black "Andreikin, Dmitry"]
[Result "1-0"]
[LiveChessVersion "1.3.1"]
[BlackElo "2727"]
[WhiteElo "2608"]

1. e4 {[%clk 1:27:43]} c6 {[%clk 1:30:53]} 2. d4 {[%clk 1:28:05]} d5
{[%clk 1:31:11]} 3. e5 {[%clk 1:28:26]} Bf5 {[%clk 1:31:32]} 4. Nf3
{[%clk 1:28:43]} e6 {[%clk 1:31:55]} 5. Be2 {[%clk 1:29:08]} Nd7 {[%clk 1:32:13]}
6. O-O {[%clk 1:29:07]} Ne7 {[%clk 1:32:37]} 7. Nbd2 {[%clk 1:29:15]} h6
{[%clk 1:23:05]} 8. Nb3 {[%clk 1:28:17]} a6 {[%clk 1:17:11]} 9. Bd2
{[%clk 1:24:19]} Be4 {[%clk 1:17:15]} 10. Bb4 {[%clk 1:18:48]} a5
{[%clk 1:09:19]} 11. Bd6 {[%clk 1:17:18]} Nf5 {[%clk 1:05:51]} 12. Bxf8
{[%clk 1:16:22]} Bxf3 {[%clk 1:06:09]} 13. Bxf3 {[%clk 1:14:59]} Kxf8
{[%clk 1:06:29]} 14. c3 {[%clk 1:12:59]} h5 {[%clk 1:06:03]} 15. a4
{[%clk 1:09:04]} g6 {[%clk 1:06:04]} 16. Be2 {[%clk 1:09:05]} Rc8
{[%clk 0:45:22]} 17. Bd3 {[%clk 1:03:25]} Ne7 {[%clk 0:39:16]} 18. Nd2
{[%clk 0:59:18]} Nf5 {[%clk 0:33:12]} 19. g3 {[%clk 0:55:29]} c5 {[%clk 0:26:52]}
20. Nf3 {[%clk 0:54:27]} Kg7 {[%clk 0:26:45]} 21. Qd2 {[%clk 0:51:52]} Qb6
{[%clk 0:24:48]} 22. Qf4 {[%clk 0:35:59]} cxd4 {[%clk 0:24:18]} 23. cxd4
{[%clk 0:35:00]} Nb8 {[%clk 0:24:18]} 24. Bxf5 {[%clk 0:31:51]} exf5
{[%clk 0:24:13]} 25. Rac1 {[%clk 0:30:56]} Nc6 {[%clk 0:21:34]} 26. h3
{[%clk 0:25:20]} Nb4 {[%clk 0:13:46]} 27. Rc3 {[%clk 0:21:12]} Rxc3
{[%clk 0:14:07]} 28. bxc3 {[%clk 0:21:38]} Na6 {[%clk 0:12:48]} 29. c4
{[%clk 0:15:25]} Nc7 {[%clk 0:10:54]} 30. c5 {[%clk 0:15:41]} Qb3
{[%clk 0:11:17]} 31. Qe3 {[%clk 0:09:13]} Qxa4 {[%clk 0:10:06]} 32. Rb1
{[%clk 0:09:38]} Ne6 {[%clk 0:08:44]} 33. Ng5 {[%clk 0:08:10]} Qd7
{[%clk 0:03:09]} 34. Nxe6+ {[%clk 0:08:14]} Qxe6 {[%clk 0:03:35]} 35. Rxb7
{[%clk 0:07:49]} a4 {[%clk 0:01:58]} 36. Rb6 {[%clk 0:07:33]} Qe7
{[%clk 0:02:05]} 37. e6 {[%clk 0:07:02]} h4 {[%clk 0:01:09]} 38. Qe5+
{[%clk 0:04:03]} Qf6 {[%clk 0:01:32]} 39. Qxd5 {[%clk 0:03:16]} Rd8
{[%clk 0:01:04]} 40. Rd6 {[%clk 0:30:59]} fxe6 {[%clk 0:30:34]} 41. Qb7+
{[%clk 0:26:24]} Kh6 {[%clk 0:30:10]} 42. Qb6 {[%clk 0:21:17]} Rxd6
{[%clk 0:10:27]} 43. cxd6 {[%clk 0:21:37]} e5 {[%clk 0:09:30]} 44. Qc7
{[%clk 0:07:56]} a3 {[%clk 0:09:54]} 45. Qc1+ {[%clk 0:06:24]} f4
{[%clk 0:07:46]} 46. dxe5 {[%clk 0:06:41]} Qxe5 {[%clk 0:08:10]} 47. d7
{[%clk 0:07:03]} Qd4 {[%clk 0:04:11]} 48. Qxf4+ {[%clk 0:06:47]} Qxf4
{[%clk 0:04:36]} 49. gxf4 {[%clk 0:07:13]} a2 {[%clk 0:05:03]} 50. d8=Q
{[%clk 0:07:37]} a1=Q+ {[%clk 0:05:28]} 51. Kg2 {[%clk 0:07:47]} Kg7
{[%clk 0:03:40]} 52. Qe7+ {[%clk 0:07:26]} Kg8 {[%clk 0:04:04]} 53. Qxh4
{[%clk 0:07:34]} Qa8+ {[%clk 0:04:21]} 54. Kh2 {[%clk 0:08:00]} Qe4
{[%clk 0:03:38]} 55. Qg4 {[%clk 0:06:56]} Qc2 {[%clk 0:04:00]} 56. Qe6+
{[%clk 0:06:41]} Kg7 {[%clk 0:04:00]} 57. Kg2 {[%clk 0:06:50]} Qb1
{[%clk 0:04:13]} 58. Qd5 {[%clk 0:06:22]} Kf6 {[%clk 0:02:35]} 59. Qd4+
{[%clk 0:04:24]} Kf7 {[%clk 0:02:59]} 60. Kg3 {[%clk 0:03:26]} Qf5
{[%clk 0:01:07]} 61. Qc4+ {[%clk 0:03:22]} Kf8 {[%clk 0:01:09]} 62. Qb3
{[%clk 0:01:58]} Kg7 {[%clk 0:00:59]} 63. Qb7+ {[%clk 0:02:09]} Kg8
{[%clk 0:01:06]} 64. Qe7 {[%clk 0:02:24]} Qb1 {[%clk 0:01:05]} 65. Qe6+
{[%clk 0:01:18]} Kg7 {[%clk 0:01:26]} 66. Qe7+ {[%clk 0:01:25]} Kh8
{[%clk 0:01:01]} 67. Kh4 {[%clk 0:01:07]} Qg1 {[%clk 0:01:26]} 68. Qe3
{[%clk 0:01:25]} Kh7 {[%clk 0:01:26]} 69. f5 {[%clk 0:01:00]} gxf5
{[%clk 0:00:36]} 70. Qe7+ {[%clk 0:01:22]} Kg6 {[%clk 0:01:02]} 71. Qe6+
{[%clk 0:01:45]} Kg7 {[%clk 0:01:28]} 72. Qxf5 {[%clk 0:02:03]} Qa1
{[%clk 0:01:50]} 73. Qe4 {[%clk 0:01:54]} Kh8 {[%clk 0:02:04]} 74. Kg3
{[%clk 0:01:43]} Qg1+ {[%clk 0:02:25]} 75. Qg2 {[%clk 0:02:09]} Qb1
{[%clk 0:02:47]} 76. Kh2 {[%clk 0:02:11]} Kh7 {[%clk 0:02:37]} 77. Qf3
{[%clk 0:02:27]} Qb8+ {[%clk 0:02:59]} 78. Kg2 {[%clk 0:02:49]} Qg8+
{[%clk 0:03:21]} 79. Kh2 {[%clk 0:03:06]} Qb8+ {[%clk 0:03:47]} 80. Qg3
{[%clk 0:03:33]} Qb2 {[%clk 0:04:02]} 81. h4 {[%clk 0:03:59]} Qb5
{[%clk 0:03:39]} 82. Qf4 {[%clk 0:03:51]} Qd5 {[%clk 0:02:44]} 83. Qf6
{[%clk 0:04:06]} Qc5 {[%clk 0:02:27]} 84. Qf7+ {[%clk 0:03:38]} Kh6
{[%clk 0:02:07]} 85. Qf4+ {[%clk 0:03:10]} Kh7 {[%clk 0:02:22]} 86. Qe4+
{[%clk 0:03:23]} Kh8 {[%clk 0:02:31]} 87. Kg3 {[%clk 0:03:29]} Qd6+
{[%clk 0:02:24]} 88. Kg4 {[%clk 0:03:47]} Qg6+ {[%clk 0:02:23]} 89. Kf3
{[%clk 0:04:14]} Qf7+ {[%clk 0:02:06]} 90. Qf4 {[%clk 0:04:26]} Qh5+
{[%clk 0:01:22]} 91. Kg3 {[%clk 0:04:09]} Qg6+ {[%clk 0:01:32]} 92. Kh3
{[%clk 0:04:02]} Qe6+ {[%clk 0:01:43]} 93. Qg4 {[%clk 0:04:17]} Qb3+
{[%clk 0:01:27]} 94. Kh2 {[%clk 0:02:47]} Qb8+ {[%clk 0:01:51]} 95. Kg2
{[%clk 0:03:12]} Qb7+ {[%clk 0:02:04]} 96. Qf3 {[%clk 0:02:50]} Qg7+
{[%clk 0:02:22]} 97. Kh1 {[%clk 0:02:13]} Qa1+ {[%clk 0:02:43]} 98. Kh2
{[%clk 0:02:38]} Qe5+ {[%clk 0:03:07]} 99. Kh3 {[%clk 0:02:59]} Qe6+
{[%clk 0:03:26]} 100. Qg4 {[%clk 0:02:02]} Qb3+ {[%clk 0:03:20]} 101. f3
{[%clk 0:02:25]} Qd1 {[%clk 0:03:17]} 102. Qh5+ {[%clk 0:02:22]} Kg7
{[%clk 0:03:40]} 103. Qg5+ {[%clk 0:02:45]} Kh8 {[%clk 0:03:56]} 104. Qf6+
{[%clk 0:02:38]} Kh7 {[%clk 0:02:20]} 105. Kg4 {[%clk 0:02:42]} Qg1+
{[%clk 0:01:02]} 106. Kh5 {[%clk 0:02:59]} Qc5+ {[%clk 0:01:10]} 107. Qg5
{[%clk 0:03:25]} Qd6 {[%clk 0:01:04]} 108. Qf5+ {[%clk 0:02:54]} Kh8
{[%clk 0:01:13]} 109. f4 {[%clk 0:01:03]} Qc6 {[%clk 0:00:50]} 110. Qe5+
{[%clk 0:01:19]} Kh7 {[%clk 0:00:54]} 111. Qe7+ {[%clk 0:01:40]} Kh8
{[%clk 0:00:59]} 112. f5 {[%clk 0:01:03]} Qc3 {[%clk 0:00:32]} 113. Qe8+
{[%clk 0:00:54]} Kg7 {[%clk 0:00:38]} 114. Qe7+ {[%clk 0:01:15]} Kg8
{[%clk 0:00:54]} 115. Qg5+ {[%clk 0:01:35]} Kf7 {[%clk 0:00:56]} 116. Qg6+
{[%clk 0:01:57]} Ke7 {[%clk 0:00:55]} 117. Kh6 {[%clk 0:02:03]} Qf3
{[%clk 0:00:45]} 118. h5 {[%clk 0:02:08]} Qf2 {[%clk 0:00:57]} 119. Kg7
{[%clk 0:02:12]} Kd7 {[%clk 0:01:12]} 120. h6 {[%clk 0:02:20]} Qd4+
{[%clk 0:00:51]} 121. f6 {[%clk 0:02:40]} Kc8 {[%clk 0:01:07]} 122. h7
{[%clk 0:02:38]} 1-0

[Event "2013"]
[Site "?"]
[Date "2013.04.24"]
[Round "4.3"]
[White "Harikrishna, P."]
[Black "Dominguez Perez, Leinier"]
[Result "1/2-1/2"]
[LiveChessVersion "1.3.1"]
[BlackElo "2723"]
[WhiteElo "2705"]

1. Nf3 {[%clk 1:30:54]} c5 {[%clk 1:27:31]} 2. e3 g6 3. Be2 {[%clk 1:29:04]} Bg7
{[%clk 1:27:40]} 4. O-O {[%clk 1:28:57]} Nf6 {[%clk 1:24:42]} 5. b3
{[%clk 1:29:19]} O-O {[%clk 1:21:05]} 6. Bb2 {[%clk 1:21:13]} d5 {[%clk 1:13:28]}
7. c4 {[%clk 1:15:00]} Nc6 8. Ne5 Nxe5 {[%clk 0:55:03]} 9. Bxe5 {[%clk 1:15:23]}
Be6 {[%clk 0:53:37]} 10. Nc3 Qd7 {[%clk 0:45:48]} 11. d3 {[%clk 0:58:09]} Rad8
{[%clk 0:40:30]} 12. Qc1 {[%clk 0:50:02]} dxc4 {[%clk 0:38:23]} 13. dxc4
{[%clk 0:44:03]} Bf5 {[%clk 0:36:22]} 14. Qb2 Qd2 15. Qa3 {[%clk 0:36:31]} Ne4
{[%clk 0:34:14]} 16. Bxg7 {[%clk 0:35:53]} Kxg7 {[%clk 0:34:11]} 17. Nxe4 Bxe4
18. Qxc5 {[%clk 0:26:43]} Bxg2 {[%clk 0:33:42]} 19. Rfe1 {[%clk 0:18:43]} Bc6
{[%clk 0:32:04]} 20. Qxe7 {[%clk 0:16:30]} Rfe8 21. Qg5 {[%clk 0:16:51]} Qb2
{[%clk 0:26:05]} 22. Qg3 {[%clk 0:16:17]} Rd2 23. Bf3 {[%clk 0:16:41]} Bxf3
{[%clk 0:17:23]} 24. Qxf3 {[%clk 0:13:03]} Re6 {[%clk 0:16:48]} 25. Rad1 Qxa2 26.
Rxd2 {[%clk 0:08:20]} Qxd2 {[%clk 0:17:16]} 27. Qd1 Qxd1 28. Rxd1
{[%clk 0:08:44]} Rb6 {[%clk 0:10:40]} 29. Rd3 {[%clk 0:08:57]} Kf6
{[%clk 0:09:52]} 30. Kf1 {[%clk 0:08:29]} Ke6 {[%clk 0:08:44]} 31. Ke2
{[%clk 0:08:48]} Rd6 32. Rd4 {[%clk 0:07:11]} Rb6 {[%clk 0:08:28]} 33. Rd3
{[%clk 0:07:35]} Ra6 {[%clk 0:08:51]} 34. Kf3 {[%clk 0:05:59]} Rd6 35. Rd4
{[%clk 0:06:27]} Rb6 {[%clk 0:01:51]} 36. Rd3 {[%clk 0:06:49]} Rd6
{[%clk 0:01:49]} 37. Rd4 {[%clk 0:03:26]} Ra6 {[%clk 0:01:02]} 38. Re4+
{[%clk 0:03:12]} Kf6 {[%clk 0:01:24]} 39. Rf4+ Ke7 40. Re4+ {[%clk 0:32:43]} Re6
{[%clk 0:31:51]} 41. Rd4 Rb6 {[%clk 0:31:56]} 42. Rd3 {[%clk 0:32:33]} Ke6 43.
Ke4 Ke5+ 1/2-1/2

[Event "2013"]
[Site "?"]
[Date "2013.04.25"]
[Round "5.3"]
[White "Inarkiev, Ernesto"]
[Black "Harikrishna, P."]
[Result "1/2-1/2"]
[LiveChessVersion "1.3.1"]
[BlackElo "2705"]
[WhiteElo "2688"]

1. d4 {[%clk 1:31:19]} d5 {[%clk 1:30:41]} 2. c4 {[%clk 1:30:23]} dxc4
{[%clk 1:30:51]} 3. Nf3 {[%clk 1:30:31]} Nf6 4. e3 {[%clk 1:30:53]} e6
{[%clk 1:31:07]} 5. Bxc4 a6 {[%clk 1:29:46]} 6. O-O {[%clk 1:29:59]} Nbd7
{[%clk 1:26:13]} 7. a4 {[%clk 1:08:43]} b6 {[%clk 1:20:07]} 8. Nc3
{[%clk 1:08:42]} Bb7 {[%clk 1:11:24]} 9. e4 Nxe4 {[%clk 1:11:45]} 10. Nxe4
{[%clk 1:05:03]} Bxe4 {[%clk 1:09:44]} 11. Ng5 {[%clk 0:28:13]} Bg6
{[%clk 0:49:48]} 12. Qf3 {[%clk 0:28:25]} Be7 {[%clk 0:42:44]} 13. Qc6
{[%clk 0:27:46]} O-O 14. Nxe6 {[%clk 0:28:09]} fxe6 {[%clk 0:42:54]} 15. Bxe6+
{[%clk 0:27:49]} Kh8 16. Bxd7 {[%clk 0:26:15]} Bd6 {[%clk 0:33:13]} 17. Be3
{[%clk 0:20:27]} Qe7 {[%clk 0:25:09]} 18. Bg4 {[%clk 0:19:43]} Be4
{[%clk 0:15:13]} 19. Qd7 Qf6 20. Qe6 {[%clk 0:19:21]} Rae8 {[%clk 0:15:25]} 21.
Qxf6 {[%clk 0:19:30]} gxf6 {[%clk 0:13:58]} 22. Bh5 {[%clk 0:13:49]} Bg6
{[%clk 0:14:16]} 23. Bf3 {[%clk 0:11:58]} Be4 {[%clk 0:13:34]} 24. Bh5
{[%clk 0:11:16]} Bg6 25. Be2 {[%clk 0:10:58]} a5 {[%clk 0:13:09]} 26. Bb5 Rd8
{[%clk 0:11:09]} 27. Rfe1 {[%clk 0:09:51]} Kg7 {[%clk 0:11:09]} 28. Rac1 Be8 29.
Bxe8 {[%clk 0:07:07]} Rfxe8 {[%clk 0:10:22]} 30. g3 {[%clk 0:07:46]} Kf7
{[%clk 0:07:47]} 31. Kg2 {[%clk 0:02:25]} Re4 32. Kf3 {[%clk 0:02:41]} Rde8
{[%clk 0:05:01]} 33. Rc4 {[%clk 0:02:36]} R4e7 34. Rd1 b5 {[%clk 0:02:44]} 35.
axb5 {[%clk 0:02:44]} Rb8 36. Bd2 {[%clk 0:01:38]} Rxb5 {[%clk 0:03:33]} 37. Bc3
Rf5+ 38. Kg2 {[%clk 0:02:04]} Re2 {[%clk 0:03:04]} 39. Rf1 Rb5 40. Rc1
{[%clk 0:30:51]} Rf5 {[%clk 0:31:18]} 41. Rf1 {[%clk 0:20:17]} Rb5
{[%clk 0:19:32]} 42. Rc6 {[%clk 0:14:43]} Rb6 43. Rxb6 {[%clk 0:15:05]} cxb6
{[%clk 0:19:57]} 44. Kf3 {[%clk 0:14:39]} Re7 {[%clk 0:20:20]} 45. Ra1
{[%clk 0:13:07]} f5 {[%clk 0:15:20]} 46. Bd2 {[%clk 0:11:50]} Ke6
{[%clk 0:12:18]} 47. b4 {[%clk 0:12:11]} axb4 {[%clk 0:11:52]} 48. Rb1
{[%clk 0:06:37]} Bc7 49. Bf4 {[%clk 0:07:05]} Bxf4 {[%clk 0:11:15]} 50. Kxf4
{[%clk 0:07:16]} b5 {[%clk 0:08:40]} 51. Rxb4 {[%clk 0:06:44]} Rb7
{[%clk 0:08:49]} 52. Kg5 {[%clk 0:07:03]} Rg7+ {[%clk 0:09:14]} 53. Kh6
{[%clk 0:05:24]} Rb7 {[%clk 0:09:35]} 54. f3 {[%clk 0:04:41]} Kd5
{[%clk 0:07:58]} 55. h4 {[%clk 0:03:55]} Ke6 {[%clk 0:07:53]} 56. g4
{[%clk 0:04:20]} fxg4 {[%clk 0:08:07]} 57. fxg4 Kf6 {[%clk 0:08:29]} 58. h5
{[%clk 0:04:14]} Ke6 {[%clk 0:08:17]} 59. Rb1 {[%clk 0:01:46]} b4
{[%clk 0:06:59]} 60. g5 Kf5 61. g6 {[%clk 0:00:48]} hxg6 {[%clk 0:07:22]} 62.
hxg6 {[%clk 0:01:14]} Rb6 {[%clk 0:02:36]} 63. Rg1 {[%clk 0:01:11]} Ke4
{[%clk 0:02:32]} 64. Rg4+ {[%clk 0:00:38]} Kd5 {[%clk 0:02:42]} 65. Kh7
{[%clk 0:01:04]} b3 {[%clk 0:02:27]} 66. g7 Rb7 {[%clk 0:02:34]} 67. Rg3
{[%clk 0:00:36]} Kxd4 {[%clk 0:02:28]} 68. Kh6 Rxg7 69. Kxg7 {[%clk 0:00:59]} Kc4
{[%clk 0:02:52]} 70. Rxb3 1/2-1/2

[Event "2013"]
[Site "?"]
[Date "2013.04.27"]
[Round "6.1"]
[White "Dominguez Perez, Leinier"]
[Black "Almasi, Zoltan"]
[Result "1/2-1/2"]
[LiveChessVersion "1.3.1"]
[BlackElo "2689"]
[WhiteElo "2723"]

1. e4 {[%clk 1:30:30]} e5 {[%clk 1:30:30]} 2. Nf3 {[%clk 1:30:30]} Nc6
{[%clk 1:30:30]} 3. Bb5 {[%clk 1:31:51]} a6 {[%clk 1:31:47]} 4. Ba4
{[%clk 1:32:09]} Nf6 {[%clk 1:32:09]} 5. O-O {[%clk 1:32:32]} Be7
{[%clk 1:32:31]} 6. Re1 {[%clk 1:32:56]} b5 {[%clk 1:32:52]} 7. Bb3
{[%clk 1:33:21]} O-O {[%clk 1:33:03]} 8. a4 {[%clk 1:33:23]} b4 {[%clk 1:32:38]}
9. d3 {[%clk 1:33:51]} d6 {[%clk 1:32:15]} 10. Nbd2 {[%clk 1:34:14]} Be6
{[%clk 1:26:41]} 11. Bxe6 {[%clk 1:34:36]} fxe6 {[%clk 1:27:05]} 12. c3
{[%clk 1:34:35]} Rb8 {[%clk 0:55:11]} 13. Qe2 {[%clk 1:28:07]} Qd7
{[%clk 0:52:55]} 14. Nc4 {[%clk 1:16:39]} bxc3 {[%clk 0:51:30]} 15. bxc3
{[%clk 1:17:03]} Rb3 {[%clk 0:48:28]} 16. Bd2 {[%clk 1:08:38]} Re8
{[%clk 0:47:55]} 17. h3 {[%clk 1:05:08]} Bf8 {[%clk 0:46:51]} 18. Rec1 Qc8
{[%clk 0:20:09]} 19. Bg5 {[%clk 0:55:48]} Nd7 {[%clk 0:14:59]} 20. Qa2
{[%clk 0:51:07]} Rb8 {[%clk 0:15:04]} 21. Be3 {[%clk 0:51:36]} Nf6
{[%clk 0:14:16]} 22. Rab1 {[%clk 0:50:12]} Qd7 {[%clk 0:12:29]} 23. Re1
{[%clk 0:36:36]} h6 {[%clk 0:10:53]} 24. Bd2 {[%clk 0:37:00]} Rxb1
{[%clk 0:04:08]} 25. Rxb1 {[%clk 0:37:19]} Ra8 {[%clk 0:03:08]} 26. Be3
{[%clk 0:28:59]} Qc8 {[%clk 0:03:25]} 27. Ncd2 {[%clk 0:25:41]} Nd8
{[%clk 0:02:29]} 28. Qb3 {[%clk 0:20:02]} Nd7 {[%clk 0:02:49]} 29. Qa2
{[%clk 0:14:00]} Rb8 {[%clk 0:03:05]} 30. Rxb8 {[%clk 0:14:22]} Nxb8
{[%clk 0:03:22]} 31. Nc4 {[%clk 0:14:30]} Nbc6 {[%clk 0:03:25]} 32. g3
{[%clk 0:14:07]} Be7 {[%clk 0:03:23]} 33. Kg2 {[%clk 0:14:07]} Qb7
{[%clk 0:03:29]} 34. h4 {[%clk 0:12:28]} Nf7 {[%clk 0:02:56]} 35. Bc1
{[%clk 0:11:03]} Bf8 {[%clk 0:02:22]} 36. Ne3 {[%clk 0:11:16]} Ncd8
{[%clk 0:02:40]} 37. Nd2 {[%clk 0:09:09]} Be7 {[%clk 0:02:28]} 38. Ba3
{[%clk 0:07:22]} Qc6 {[%clk 0:02:29]} 39. Bb4 {[%clk 0:06:19]} Kf8
{[%clk 0:01:58]} 40. Qb3 {[%clk 0:35:04]} Qb7 {[%clk 0:30:45]} 41. Qd1
{[%clk 0:29:35]} Qc6 {[%clk 0:26:00]} 42. Ndc4 {[%clk 0:24:45]} Qb7
{[%clk 0:24:57]} 43. Kg1 {[%clk 0:22:24]} Qa8 {[%clk 0:17:50]} 44. Qc2
{[%clk 0:21:07]} Qb7 {[%clk 0:17:43]} 45. Ba3 {[%clk 0:21:06]} Nc6
{[%clk 0:17:37]} 46. Qa2 Nfd8 {[%clk 0:14:41]} 47. Kg2 {[%clk 0:17:15]} Bf6
{[%clk 0:13:22]} 48. h5 {[%clk 0:14:49]} Nf7 {[%clk 0:12:39]} 49. Ng4
{[%clk 0:13:40]} Bg5 {[%clk 0:12:04]} 50. Nh2 {[%clk 0:12:27]} Bf6
{[%clk 0:11:51]} 51. Nf3 Ncd8 52. Ne3 {[%clk 0:08:57]} Ke8 {[%clk 0:10:54]} 53.
Bc1 {[%clk 0:07:42]} Kd7 {[%clk 0:10:34]} 54. Nc4 {[%clk 0:06:55]} Qc6
{[%clk 0:09:23]} 1/2-1/2

[Event "2013"]
[Site "?"]
[Date "2013.04.27"]
[Round "6.2"]
[White "Harikrishna, P."]
[Black "Quesada Perez, Yuniesky"]
[Result "0-1"]
[LiveChessVersion "1.3.1"]
[BlackElo "2608"]
[WhiteElo "2705"]

1. g3 {[%clk 1:30:55]} Nf6 {[%clk 1:29:58]} 2. Bg2 {[%clk 1:31:18]} d5
{[%clk 1:24:20]} 3. Nf3 {[%clk 1:31:27]} c6 {[%clk 1:24:42]} 4. c4
{[%clk 1:31:14]} Bg4 {[%clk 1:23:42]} 5. Ne5 {[%clk 1:28:46]} Be6
{[%clk 1:24:05]} 6. cxd5 {[%clk 1:28:14]} Bxd5 {[%clk 1:24:29]} 7. Nf3
{[%clk 1:28:08]} c5 {[%clk 1:24:15]} 8. O-O {[%clk 1:24:13]} e6 {[%clk 1:17:48]}
9. Nc3 {[%clk 1:23:44]} Bc6 {[%clk 1:18:12]} 10. d3 {[%clk 1:22:04]} Be7
{[%clk 1:16:17]} 11. e4 {[%clk 1:22:12]} O-O {[%clk 1:15:30]} 12. Qe2
{[%clk 1:22:38]} b5 {[%clk 1:11:53]} 13. a4 {[%clk 1:19:21]} b4 {[%clk 1:06:33]}
14. Nb1 {[%clk 1:19:16]} Bb7 {[%clk 1:02:41]} 15. Nbd2 {[%clk 1:16:41]} Nc6
{[%clk 1:01:54]} 16. Nc4 {[%clk 1:16:16]} Nd7 {[%clk 0:58:04]} 17. Rd1
{[%clk 1:00:16]} Nd4 {[%clk 0:48:44]} 18. Nxd4 {[%clk 0:58:43]} cxd4
{[%clk 0:49:11]} 19. b3 {[%clk 0:54:36]} Nc5 {[%clk 0:45:47]} 20. Rb1
{[%clk 0:54:27]} Ba6 {[%clk 0:39:32]} 21. Bf4 {[%clk 0:50:46]} Rc8
{[%clk 0:30:40]} 22. h4 {[%clk 0:49:12]} Bxc4 {[%clk 0:26:39]} 23. dxc4
{[%clk 0:49:36]} d3 {[%clk 0:23:47]} 24. Qf3 {[%clk 0:45:06]} Qd7
{[%clk 0:20:41]} 25. Bf1 {[%clk 0:36:23]} Rfd8 {[%clk 0:17:44]} 26. Be3
{[%clk 0:29:51]} Qc7 {[%clk 0:17:49]} 27. Bf4 {[%clk 0:27:57]} Qd7
{[%clk 0:17:15]} 28. Be5 {[%clk 0:28:02]} Bf8 {[%clk 0:13:21]} 29. Rd2
{[%clk 0:26:05]} Bd6 {[%clk 0:11:25]} 30. Bd4 {[%clk 0:19:01]} Bf4
{[%clk 0:11:03]} 31. Bxg7 {[%clk 0:19:20]} Bxd2 {[%clk 0:10:25]} 32. Bf6
{[%clk 0:18:14]} e5 {[%clk 0:09:36]} 33. Rd1 {[%clk 0:17:22]} Bh6
{[%clk 0:08:28]} 34. Qh5 {[%clk 0:15:04]} Bg7 {[%clk 0:07:21]} 35. Rxd3
{[%clk 0:15:25]} Bxf6 {[%clk 0:02:57]} 36. Rxd7 {[%clk 0:15:42]} Nxd7
{[%clk 0:02:51]} 37. Bh3 {[%clk 0:15:49]} Bg7 {[%clk 0:02:48]} 38. Qg5
{[%clk 0:16:03]} h6 {[%clk 0:01:31]} 39. Qd2 {[%clk 0:13:33]} Rb8
{[%clk 0:01:18]} 40. Qd5 {[%clk 0:42:30]} Nf6 {[%clk 0:31:12]} 41. Qc6
{[%clk 0:39:38]} Rd3 {[%clk 0:29:40]} 42. c5 {[%clk 0:38:15]} Rxb3
{[%clk 0:28:33]} 43. Qc7 {[%clk 0:36:28]} Rf8 {[%clk 0:26:11]} 44. Bf5
{[%clk 0:33:45]} Rc3 {[%clk 0:23:22]} 45. Qxa7 {[%clk 0:33:05]} Rd8
{[%clk 0:21:50]} 46. Qb6 {[%clk 0:32:47]} Rd2 {[%clk 0:18:04]} 47. a5
{[%clk 0:22:18]} b3 {[%clk 0:11:26]} 48. a6 {[%clk 0:21:50]} b2 {[%clk 0:11:46]}
49. a7 {[%clk 0:21:51]} Ra3 {[%clk 0:11:34]} 50. Kg2 {[%clk 0:21:55]} Rxa7
{[%clk 0:11:16]} 51. c6 {[%clk 0:21:34]} Rc7 {[%clk 0:07:48]} 52. Qxc7
{[%clk 0:21:30]} b1=Q {[%clk 0:08:08]} 53. Qa7 {[%clk 0:21:23]} Ne8
{[%clk 0:05:00]} 54. Qa8 {[%clk 0:17:20]} Qb2 {[%clk 0:05:17]} 55. Qxe8+
{[%clk 0:17:00]} Bf8 {[%clk 0:05:44]} 56. Bg6 {[%clk 0:15:28]} Rxf2+
{[%clk 0:05:51]} 57. Kh3 {[%clk 0:15:55]} Rh2+ {[%clk 0:05:58]} 58. Kg4
{[%clk 0:16:19]} Qe2+ {[%clk 0:06:18]} 59. Kf5 {[%clk 0:16:43]} Rf2+
{[%clk 0:06:17]} 0-1

[Event "2013"]
[Site "?"]
[Date "2013.04.28"]
[Round "7.1"]
[White "Andreikin, Dmitry"]
[Black "Harikrishna, P."]
[Result "1/2-1/2"]
[LiveChessVersion "1.3.1"]
[BlackElo "2705"]
[WhiteElo "2727"]

1. c4 {[%clk 1:29:39]} Nf6 {[%clk 1:30:34]} 2. Nf3 {[%clk 1:29:49]} e6
{[%clk 1:30:28]} 3. d4 {[%clk 1:28:16]} b6 {[%clk 1:30:50]} 4. g3
{[%clk 1:19:52]} Bb4+ {[%clk 1:31:15]} 5. Bd2 {[%clk 1:20:14]} Bxd2+
{[%clk 1:31:40]} 6. Qxd2 {[%clk 1:19:10]} Ba6 {[%clk 1:32:04]} 7. b3
{[%clk 1:17:38]} d5 {[%clk 1:32:26]} 8. Bg2 {[%clk 1:17:07]} c6 {[%clk 1:32:23]}
9. O-O {[%clk 1:08:53]} Nbd7 {[%clk 1:31:13]} 10. Rc1 {[%clk 1:01:07]} O-O
{[%clk 1:30:06]} 11. cxd5 {[%clk 0:50:15]} cxd5 {[%clk 1:29:41]} 12. a4
{[%clk 0:50:23]} Qe7 {[%clk 1:13:48]} 13. b4 {[%clk 0:46:26]} Rfc8
{[%clk 1:11:35]} 14. Na3 {[%clk 0:46:06]} Qf8 {[%clk 1:09:02]} 15. Ne5
{[%clk 0:36:35]} Rxc1+ {[%clk 1:05:47]} 16. Rxc1 {[%clk 0:36:53]} Rc8
{[%clk 1:06:10]} 17. Rxc8 {[%clk 0:32:19]} Qxc8 {[%clk 1:06:27]} 18. b5
{[%clk 0:31:06]} Bb7 {[%clk 1:06:30]} 19. Nxd7 {[%clk 0:31:28]} 1/2-1/2